书目信息 |
| 题名: |
中国台湾问题
|
|
| 作者: | 中共中央台湾工作办公室国务院台湾事务办公室 | |
| 分册: | ||
| 出版信息: | 北京 九洲图书出版社 1998.09 |
|
| 页数: | 300页 | |
| 开本: | 32开 | |
| 丛书名: | ||
| 单 册: | ||
| 中图分类: | D618 | |
| 科图分类: | ||
| 主题词: | 政治--中国 | |
| 电子资源: | ||
| ISBN: | 7-80114-322-1 | |
| 000 | 00678nam0 2200193 45 | |
| 001 | 0104120959 | |
| 005 | 20010412100134.3 | |
| 010 | @a7-80114-322-1@d20.00元 | |
| 100 | @a20010412d1998 km y0chiy0120 ea | |
| 101 | 0 | @achi |
| 105 | @a z 000yy | |
| 200 | 1 | @a中国台湾问题@AZhong Guo Tai Wan Wen Ti@f中共中央台湾工作办公室国务院台湾事务办公室@FZhong Gong Zhong Yang Tai Wan Gong Zuo Ban Gong Shi Guo Wu Yuan Tai Wan Shi Wu Ban Gong Shi |
| 210 | @a北京@c九洲图书出版社@d1998.09 | |
| 215 | @a300页@d32开 | |
| 606 | 0 | @a政治@x中国 |
| 690 | @aD618@v3 | |
| 701 | 0 | @a中共中央台湾工作办公室国务院台湾事务办公室 |
| 801 | @aCN@bPftUser@c20010412 | |
| 905 | @b337877-881@dD618@eZH:965@f5 | |
| 中国台湾问题/中共中央台湾工作办公室国务院台湾事务办公室.-北京:九洲图书出版社,1998.09 |
| 300页;32开 |
| ISBN 7-80114-322-1:20.00元 |
| ● |
| 相关链接 |
|
|
|
正题名:中国台湾问题
索取号:D618/ZH:965
 
预约/预借
| 序号 | 登录号 | 条形码 | 馆藏地/架位号 | 状态 | 备注 |
| 1 | 337877 | 203378772 | 社科库509/509社科库 72排6列2层/ [索取号:D618/ZH:965] | 在馆 | |
| 2 | 337878 | 203378781 | 社科库509/509社科库 72排6列2层/ [索取号:D618/ZH:965] | 在馆 | |
| 3 | 337880 | 203378807 | 社科库509/509社科库 72排6列2层/ [索取号:D618/ZH:965] | 在馆 | |
| 4 | 337881 | 203378816 | 社科库509/509社科库 72排6列2层/ [索取号:D618/ZH:965] | 在馆 |